[Event "Olympiad-33"]
[Site "Elista"]
[Date "1998.10.11"]
[Round "12.4"]
[White "Zvjaginsev, Vadim"]
[Black "Huebner, Robert"]
[Result "1-0"]
[WhiteElo "2650"]
[BlackElo "2575"]
[Annotator "Tisdall,J"]
[PlyCount "91"]
[EventDate "1998.09.29"]
[EventType "team-swiss"]
[EventRounds "13"]
[EventCountry "RUS"]
[SourceTitle "CBM 068"]
[Source "ChessBase"]
[SourceDate "1999.02.01"]
[SourceVersion "1"]
[SourceVersionDate "1999.02.01"]
[SourceQuality "1"]
[WhiteTeam "Russia"]
[BlackTeam "Germany"]
[WhiteTeamCountry "RUS"]
[BlackTeamCountry "GER"]

1. d4 Nf6 2. c4 e6 3. Nc3 Bb4 4. Nf3 b6 5. Bg5 Bb7 6. e3 h6 7. Bh4 g5 8. Bg3
Ne4 9. Qc2 Bxc3+ 10. bxc3 d6 (10... Nxg3 {capturing on g3 (now or on the next
move) is the quieter option;} 11. fxg3 {is the most dynamic option, but the
simple hxg3 is enjoying a quiet revival - see notes to black's 11th move.} d6
12. Bd3 Nd7 (12... g4 13. Nh4 Qg5 (13... Nd7 14. O-O Rf8 15. a4 a5 16. Rf4 Qg5
17. Qe2 h5 18. Raf1 $16 {Grooten,Herman-Schwartz/Dieren 1987 (29)}) 14. O-O
Qxe3+ (14... Nd7 15. Rae1 $6 (15. Rf4) 15... Rf8 16. Qa4 Qa5 17. Qc2 O-O-O $13
{Trapl,J-Nun,Ji/CSR-ch (10) 1986/0-1 (85)}) 15. Kh1 Nd7 16. Rf4 Rg8 17. Raf1
O-O-O 18. R1f2 Qe1+ 19. Rf1 Qe3 20. Rxf7 Rdf8 21. Qe2 $14 {Spassky,
B-Polugaevsky,L/URS-ch29 Baku (08) 1961 (42)}) (12... Qe7 13. O-O Nc6 14. a4
Na5 15. e4 O-O-O 16. Rf2 f6 17. d5 e5 18. Nd2 Kb8 19. Nf1 Bc8 20. Ne3 {+/=
Rashkovsky,N-Taimanov,M/URS 36/(614) 1983}) 13. O-O (13. Be4 c6 $5 (13... Bxe4
14. Qxe4 Nf6 15. Qc2 (15. Qd3 O-O 16. O-O Kg7 17. Nd2 Qe7 18. h3 Rae8 19. Rf2
e5 20. Raf1 Nh5 21. e4 $14 {Rashkovsky,N-Short,N/Baku 1983/}) 15... Qd7 16. O-O
Qc6 17. d5 Qd7 18. Nd4 $16 {Rashkovsky,N-Lisenko,A/Sverdlovsk 1989 (30)}) 14.
O-O Qe7 15. Rae1 O-O-O 16. Nd2 h5 $132 {0-1 Du Chattel,P-Hort,V/Utrecht 1986 
(27)}) 13... Qe7 14. Rf2 (14. Be4 O-O-O (14... Bxe4 15. Qxe4 O-O 16. Nd2 c5 17.
g4 Rac8 18. Rf2 Kg7 19. Raf1 $14 {Portisch,L-Popovic,P/Portoroz/Ljubljana (04)
1985 (38)}) 15. Bxb7+ Kxb7 16. a4 a5 17. Qe4+ Ka7 18. Qc6 Nb8 19. Qb5 Nd7 20.
Qc6 Nb8 21. Qb5 Nd7 22. Qc6 Nb8 23. Qb5 {1/2-1/2 Popov-Gunsberger/Varna ol 1962
}) (14. a4 a5 (14... O-O $5 15. a5 Nf6 16. Nd2 Ne8 17. Kh1 Ng7 18. Rf2 f5 $10 {
Verdikhanov,V-Chepukaitis,G/S-Peterburg op 1994/}) 15. e4 (15. Be4 Bxe4 16.
Qxe4 O-O 17. Qc6 f5 18. Qxc7 $4 Rfc8 19. Qb7 Qd8 $19 {Vaganjan,R-Plaskett,J/
London (12) 1986}) (15. Rf2 O-O-O 16. Be4 Ba6 17. Nd2 f5 18. Bd3 Bb7 19. e4 $16
{Campos Moreno,J-Rozentalis,E/Moscow olm (02) CHI-LTU ,CBM 45 1994/}) 15...
O-O-O 16. Nd2 g4 17. Rf4 h5 18. Nf1 Rdg8 19. Ne3 Qg5 20. Qe2 f5 21. exf5 e5 22.
Rff1 h4 23. d5 hxg3 24. hxg3 Nf6 {1/2-1/2 Psakhis,Lev-Motwani,P/Troon 1984}) (
14. Qa4 $5 O-O 15. e4 Kh8 16. Rae1 a5 17. e5 dxe5 18. Nxe5 Nxe5 19. Rxe5 f6 20.
Re3 e5 21. Qb5 {+/= Cebalo,M-Popovic,P/Zagreb/Rijeka 39/(652) 1985}) (14. e4
O-O-O 15. Qf2 h5 16. Nd2 Rdf8 17. h3 Rh6 $6 18. Qe3 Rf6 19. Rfb1 h4 20. Nf3 $16
{Siegel,G-Eismont,O/Biel op(04) 1994 (46)}) 14... O-O-O 15. Be4 (15. Raf1 Rdf8
$5 (15... f5 16. Nd2 $1) 16. Be4 f5 17. Bxb7+ Kxb7 18. Nd2 Rf6 19. Qa4 $5 h5 $1
20. Rb1 h4 21. c5 dxc5 22. Nb3 Qd6 $1 {Hjartarson,J-Hellers,F/Gausdal (zt) 43/
664 (Hellers,F) 1987 (28)} 23. Na5+ Ka8 24. Nc6 Kb7 $10) (15. Qa4 Kb8 16. Nd2
g4 17. Be4 h5 18. Bxb7 Kxb7 19. Rb1 Nb8 20. Qc2 Rdf8 21. Qe4+ c6 22. Rbf1 $14 {
Hjartarson,J-Agdestein,S/Reykjavik 1987/}) 15... Rhf8 (15... f5 16. Bxb7+ Kxb7
17. e4 $14 {Timman,J-Miles,A/Tilburg 40/656 1985}) 16. Re1 Bxe4 17. Qxe4 Kb8 {
[%cal Yf7f5] /\f7-f5} 18. Qh7 Rh8 19. Qc2 h5 20. e4 h4 21. gxh4 gxh4 22. e5
Rdg8 23. exd6 Qxd6 24. c5 Qc6 25. Qe4 Qxe4 26. Rxe4 bxc5 27. Rxh4 Rxh4 28. Nxh4
Rg7 29. Rb2+ Kc8 30. Nf3 c6 31. h3 Kc7 32. g4 Nf6 33. dxc5 {1/2-1/2 Zvjaginsev,
V-Timman,J/Biel 1995/CBM 49/[Hansen,Cu] (33) A solid clash between two
generations of thought in this variation.}) 11. Bd3 f5 {Black agrees to enter
the sharpest lines of this system.} (11... Nxg3 {was still possible, and now
we can take a look at the other white recapture:} 12. hxg3 Nd7 13. Be4 (13. a4
a5 14. Be4 Bxe4 15. Qxe4 Ke7 16. Rb1 Nf6 17. Qd3 Qg8 18. c5 Rb8 19. cxd6+ cxd6
20. Ke2 $14 {1/2-1/2 Chabanon,J-Hauchard,A/Meribel 1998/CBM 67(46)}) 13... c6
$5 {This idea (of Hort's?) crops up occasionally and seems like a very
intriguing way for black to inject a bit more life into the position.} (13...
Bxe4 14. Qxe4 Ke7 15. a4 Nf6 16. Qd3 c5 17. e4 Nd7 18. O-O Qc7 19. Nd2 Rag8 20.
a5 h5 $13 {1-0 Milov,V-Eismont,O/Biel 1994/TD (35)}) 14. Qa4 g4 15. Ng1 Qc7 16.
Ne2 $13 {1-0 Sideif Sade,F-Felsberger,A/Pula 1997/CBM 57 ext (40)}) 12. d5 {
This messy, violent variation was quite fashionable in the 80's and has always
been a favorite object of debate of Timman's.} Nd7 (12... Nc5 {was the old
main line and a topic of repeated top-level discussion. An overview of the
existing theory of this line raises many questions in the light of the game in
question. The first question is why Timman's move faded from favor. The answer
is presumably one of taste - though black has done quite well in the most
recent games, the positions are rather hair-raising. It seems to me Black
seems to do an awful lot of suffering for not much incentive, but those who
prefer life on the very edge would disagree.} 13. h4 g4 14. Nd4 Qf6 15. O-O
Nba6 (15... Nxd3 16. Qxd3 e5 17. Nxf5 Bc8 18. f4 Qxf5 19. e4 Qh5 20. fxe5 dxe5
21. c5 Kd8 22. d6 Qe8 23. dxc7+ Kxc7 24. Qd5 Nc6 25. Rf7+ Bd7 26. Raf1 Rd8 27.
R1f6 Kc8 28. cxb6 axb6 29. Qb5 {1-0 Miles,A-Beliavsky,A/Tilburg 1986/CBM 03 
(29)}) 16. Nxe6 Nxe6 17. Bxf5 Ng7 18. Bg6+ Kd7 19. f3 Raf8 20. fxg4 Qe7 21. e4
Kc8 (21... Nc5 22. Qe2 Kc8 23. e5 Ba6 24. e6 c6 25. Rxf8+ Rxf8 26. Rf1 Rxf1+
27. Qxf1 Kd8 28. Qf4 Bb7 29. Qxh6 cxd5 30. Bxd6 Qxd6 31. Qh8+ Kc7 32. Qxg7+ Kd8
33. Qh8+ {1/2-1/2 Ivanchuk,V-Anand,V/Monaco 1993/CBM 34 ext (33)}) 22. Qd2 Kb8
23. Rxf8+ Rxf8 24. Qxh6 $13 {1/2-1/2 Kasparov,G-Timman,J/Hilversum 1985/MCL 
(62)}) 13. Nd4 Ndc5 14. dxe6 Rf8 {This is the more difficult theoretical
question, and one which cannot be answered by simple research. Why doesn't
this game follow what is considered to be the acid test?} (14... Qf6 $5 {
has not been rigorously investigated, but has a good reputation, based mostly
on:} 15. f3 f4 16. exf4 Nxd3+ 17. Qxd3 Nc5 18. Qe2 gxf4 19. Bf2 Rg8 20. g4 fxg3
21. hxg3 O-O-O 22. O-O-O Rde8 23. Rhe1 {1-0 Komarov,D-Mantovani,R/Reggio
Emilia 1996/CBM 57} {But here} Nxe6 $1 {planning} 24. Nxe6 $2 Bxf3 $1 {as
noted by Curt Hansen, would have more than solved black's opening problems.}
25. Qe3 $140 Bg4 $1) 15. Be2 g4 $1 (15... Qf6 16. Bh5+ Ke7 17. Bf7 $16 Rxf7 18.
exf7 Qxf7 19. O-O Nxg3 20. fxg3 Be4 {1/2-1/2 Kamsky,G-Salov,V/Moscow 1992/CBM
33 (41)}) 16. f3 Nxg3 17. hxg3 Qg5 18. O-O-O $1 O-O-O (18... Nxe6 19. Nxe6
Qxe3+ 20. Qd2 Qxe6 21. Rxh6 $40 {[%cal Yc4c5,Gh6d6,Gd1d6,Ge2b5,Gd1e1] planning
c5! with a strong initiative.}) 19. Bd3 (19. f4 Qg7 $1 (19... Qf6 $2 20. Qxf5
$1 Qxf5 21. Nxf5 Rxf5 22. e7 Re8 23. Bxg4) 20. Nxf5 Rxf5 21. e7 Qxe7 22. Qxf5+
Kb8 {has been given by Zvjagintsev as winning for black. I think this is a bit
exaggerated, but it is a very nice line and black is about to take full
control.}) 19... gxf3 20. gxf3 Nxe6 (20... Rde8 21. Rhe1 $6 Kb8 $6 22. Bxf5
Bxf3 23. e7 Rxe7 $4 24. Nxf3 Qxf5 25. Qxf5 Rxf5 26. Nd4 {1-0 Kluger,G-Haag,E/
Budapest 1965/MCD (48)}) 21. Bxf5 (21. Nxe6 $2 Qxe3+ 22. Qd2 Qxe6 23. Rxh6 Qe5
$17 {and white's pawn structure is a ruin.}) 21... Rxf5 22. Qxf5 Qxf5 23. Nxf5
Bxf3 24. Rxh6 Bxd1 25. Kxd1 Ng5 26. g4 Rf8 $6 (26... Kb7 $1 $132 {Zviagintsev})
27. Ke2 Kd8 $2 (27... Ne4 {looks more natural. White should probably return
his extra material to activate the passed pawn:} 28. Kf3 $5 (28. a3 Nxc3+ (
28... Rf7 $5) 29. Kd3 Na4 30. Rh7 $14) 28... Nd2+ $5 (28... Nxc3 29. Kf4 Re8 (
29... d5 30. g5 dxc4 31. g6 Ne2+ 32. Kg5 Kb7 (32... c3 33. g7) 33. g7 Rg8 34.
Rh2 $1 $18) 30. g5 $16) 29. Kf4 Nxc4 30. e4 $36 {and again the mobility of the
g-pawn makes life unpleasant for black.}) 28. Rg6 $1 Ne4 29. Kd3 $1 Nf2+ 30.
Kd4 Nxg4 31. Ng7 c5+ 32. Kd5 Nxe3+ (32... Nf6+ 33. Kxd6 Kc8 (33... Ne8+ 34.
Nxe8 $18) 34. Ke7 Nd7 35. Rc6+ Kb8 $8 36. Rd6 Rg8 37. Ne8 Nf8 38. Rd8+ Kb7 39.
Nd6+) 33. Ke4 Nxc4 34. Ne6+ Ke7 35. Nxf8 Kxf8 36. Kd5 b5 (36... Kf7 37. Rh6 Kg7
38. Rh4) 37. Ke6 $1 {Boxing out black's king...} a5 38. Rg4 $1 {... and now
threatening to take on c4.} Ne3 (38... Ne5 39. Rf4+ Ke8 40. Kxd6 Nd3 41. Re4+
$18) 39. Rf4+ Ke8 40. Kxd6 Nd1 41. c4 b4 (41... bxc4 42. Rxc4) 42. Kxc5 Nc3 43.
Kb6 a4 (43... Nxa2 44. Kxa5 b3 45. Rf2 $18) 44. Ka5 b3 45. axb3 axb3 46. Rf2 {
[%csl Rb3,Rc3]} 1-0

[Event "ROM-ch"]
[Site "Bucharest"]
[Date "1998.12.09"]
[Round "2"]
[White "Florean, Andrei"]
[Black "Marin, Mihail"]
[Result "1-0"]
[WhiteElo "2450"]
[BlackElo "2530"]
[Annotator "Tisdall,J"]
[PlyCount "81"]
[EventDate "1998.12.08"]
[EventType "tourn"]
[EventRounds "15"]
[EventCountry "ROU"]
[EventCategory "9"]
[SourceTitle "CBM 069"]
[Source "ChessBase"]
[SourceDate "1999.04.01"]
[SourceVersion "1"]
[SourceVersionDate "1999.04.01"]
[SourceQuality "1"]

1. d4 Nf6 2. c4 e6 3. Nc3 Bb4 4. Nf3 b6 5. Bg5 Bb7 6. e3 h6 7. Bh4 g5 8. Bg3
Ne4 9. Qc2 Bxc3+ 10. bxc3 Nxg3 11. fxg3 g4 12. Nh4 Nc6 13. Bd3 Qf6 14. Qe2 h5
15. Rf1 $5 $146 (15. Rb1 Ne7 16. e4 e5 17. Rf1 Qg7 18. Qe3 d6 $13 {0-1
Vaganian,R-Timman,J/London 1984/MCL (47)}) (15. e4 d6 16. Rf1 Qg7 17. Kf2 Na5
18. Kg1 c5 19. e5 dxe5 20. dxe5 O-O-O 21. Rf6 Rd7 $15 {0-1 Kotronias,V-Nikolic,
P/Thessaloniki 1984/EXT 97-B (35)}) (15. a4 Rh6 16. Rb1 d6 17. Be4 O-O-O 18.
Bxc6 Bxc6 19. a5 Rg8 20. Ra1 Rg5 21. axb6 $13 {1/2-1/2 Campos Moreno,J-Marin,M/
Andorra 1997/CBM 58 ext/[Marin,M] (61)}) 15... Qg7 16. Kf2 Rh6 17. Kg1 Rf6 $6
18. Rfb1 $1 {Compare this with Stempin,P-Sokolov,A Naleczow 1984/MCD (35).
There black waited with this manoeuvre until white had begun doubling rooks on
the f-line, and could not back out. Now black has trouble justifying the
deployment of the rook on f6.} d6 19. Be4 $1 (19. a4 $5) 19... O-O-O 20. a4 d5
$5 (20... Na5 $5 {Florean} 21. Bxb7+ Nxb7 22. a5 $5 {looks quite dangerous,
rather than the line} (22. c5 $6 dxc5 23. Qa6 (23. a5 $5 Nxa5 24. Rxa5 bxa5 25.
Qa6+ Kd7 $15) 23... Qg5 $13 {Marin}) 22... Nxa5 23. c5 dxc5 24. Qa6+ Kd7 25.
dxc5 $5 $40 {and white has real attacking chances.}) 21. Bd3 (21. cxd5 $6 {
only helps black use the e-line:} exd5 22. Bd3 Re8) 21... Qg5 22. c5 $6 (22. e4
$5 {is an interesting way to try and maintain a grip on the center. It has
many reasons to recommend it - it helps clear the fifth rank which might be
helpful for a later Rb5, and it finds useful employment for the chronically
weak e-pawn.It seems to me to be a critical point in the game.} dxc4 $5 (22...
dxe4 $6 23. Bxe4 {leaves black facing terrors involving a5, c5 or Rb5.} {
For example} e5 $6 24. Rb5 $1 a6 25. Bxc6 $1 axb5 26. Bxb7+ Kxb7 27. Qe4+ {
looks terrifying for black:} c6 (27... Kc8 28. dxe5 (28. axb5 exd4 29. cxd4 Re6
{favors black.}) 28... Re6 29. Nf5 $1 (29. Qa8+ $2 Kd7 30. Rd1+ Rd6 $5 ({
and also} 30... Ke8 {are bad for white.})) 29... Qd2 (29... bxa4 30. Qa8+ Kd7
31. Rd1+ Rd6 (31... Ke8 32. Ng7+) 32. Qxa4+ Ke6 33. exd6 $18) (29... bxc4 30.
Qa8+ Kd7 31. Rd1+ Rd6 32. Nxd6 $1 cxd6 33. Qb7+ $5 Ke8 34. Qc6+ Kf8 35. Qxb6
$16) 30. axb5 Kd7 31. Ng7 $1 {planning Rf1 looks overwhelming.}) 28. axb5 Ra8
29. Rb1 $1 (29. bxc6+ Rxc6 30. Rxa8 Qc1+ $11) 29... Qd2 (29... exd4 30. Qe7+
$18) 30. bxc6+ Rxc6 (30... Kc8 31. Nf5 Ra2 32. Rf1 {and black's position
collapses.}) 31. Nf5 {and again it is hard to envision black surviving the
onslaught.}) 23. Bxc4 Na5 {It seems strange to seek counterplay by exposing
one's own king, but...} (23... e5 24. d5 Na5 25. Ba6 {looks better for white
as his knight is about to make an impressive reentry into the game.}) 24. Ba6 (
24. Rb5 {leads to great complications, but probably commits white to
sacrificing the Rb5 in order to maintain the initiative.} c5 (24... Qh6 25. e5)
25. e5 Rh6 (25... Nxc4 $5 26. exf6 (26. Qxc4 Qe3+ 27. Kh1 Rf2 (27... Bd5 28.
Rxc5+ $1) 28. dxc5 Bd5 $1 29. Qd4 (29. Qb4 Rxg2 $1 $19) 29... Qe2 30. Rg1 Bc6
$19) 26... Nd6 27. Rb2 Ne4 {with a very messy position where black has
definite chances if he can keep his king covered.}) 26. Rxa5 $5 bxa5 27. Rb1 {
gives white attacking chances, though it is doubtful whether they can be worth
more than a draw by perpetual.}) 24... Bxa6 25. Qxa6+ Kb8 26. Qe2 $5 {looks a
bit better for white as he has chances on the queenside and the f-line.} (26.
e5 $6 Qe3+ 27. Kh1 Rf2 28. Qxa5 Rf1+ $1)) 22... e5 23. cxb6 (23. a5 $6 Nxa5 24.
Ba6 Nc6 25. cxb6 cxb6 26. Bb5 Kb8 $17 {makes no impression on black.}) 23...
axb6 24. Rf1 Re8 (24... Rdd6 $6 25. Bf5+ Kd8 26. a5 $1 $40 {Marin.}) 25. Rxf6
Qxf6 26. Qf2 $6 (26. Rf1 Qe7 27. Nf5 (27. Qf2 exd4 28. exd4 Qe3 29. Qxe3 Rxe3
30. Rd1 Ne7 $11) 27... Qg5 (27... Qa3 $6 28. Qc2) 28. Qf2 $14 {offers white
more chances than the game.}) 26... Qxf2+ 27. Kxf2 e4 28. Be2 {/\><h5, g4} (28.
Bb5 $5) 28... Re6 29. h3 Rf6+ 30. Ke1 Kb8 $2 $138 {A very serious error in
time trouble. After this black is surprisingly helpless on the kingside. Marin
gave} (30... Kd8 $142 $1 {with a big difference if white plays as in the game:}
31. hxg4 hxg4 32. Bxg4 Ba6 33. Be2 Bxe2 34. Kxe2 Na5 35. g4 Rc6 {black can
play actively as his king can handle the threats to f7.} 36. Ra3 {But this is
cooperative - surely} (36. Rf1 $1 Ke8 37. Rf5 {is fine for white.}) 36... Rh6
37. g3 Rh7 38. Ra1 Rg7 39. Rf1 Rxg4 40. Rf5 c6 41. Rxf7 Rxg3 $15 {Marin}) 31.
hxg4 hxg4 32. Bxg4 Ba6 33. Be2 Bxe2 34. Kxe2 Na5 35. g4 $16 {Now the threats
to f7 force black into terrible contortions.} Rh6 (35... Rc6 36. Rf1 Rxc3 37.
Rxf7 Ra3 38. g5 Nc4 39. Nf5 $18) 36. g3 Nc4 37. Rf1 Rh7 38. Rf5 c6 39. Rf6 Kc7
40. Nf5 Nb2 41. g5 (41. g5 Rh2+ (41... Nxa4 42. Rh6 $18) 42. Kf1 Nxa4 43. Rxf7+
Kd8 44. g6 $18) 1-0

[Event "Groningen op"]
[Site "Groningen"]
[Date "1997.??.??"]
[Round "10"]
[White "Graf, Alexander"]
[Black "Tiviakov, Sergei"]
[Result "1-0"]
[WhiteElo "2585"]
[BlackElo "2590"]
[Annotator "Tiviakov,S"]
[PlyCount "73"]
[EventDate "1997.12.20"]
[EventType "swiss"]
[EventRounds "11"]
[EventCountry "NED"]
[SourceTitle "CBM 062 Extra"]
[Source "ChessBase"]
[SourceDate "1998.03.09"]
[SourceVersion "1"]
[SourceVersionDate "1998.03.09"]
[SourceQuality "1"]

1. d4 Nf6 2. c4 e6 3. Nc3 Bb4 4. Nf3 b6 5. Bg5 Bb7 6. e3 h6 7. Bh4 Bxc3+ 8.
bxc3 d6 9. Bd3 Nbd7 10. O-O Qe7 11. Nd2 g5 12. Bg3 h5 13. f3 h4 14. Bf2 O-O-O
15. e4 Rdg8 16. h3 Nh5 17. Re1 Nf4 18. Bc2 c5 19. Nf1 f5 20. exf5 g4 21. fxg4
Bxg2 22. Kh2 Nf6 23. Ne3 Qb7 24. Rg1 Bf3 25. Qd2 Ne4 (25... Nxh3 $1 26. Kxh3 (
26. g5 Nxg1 27. Rxg1 Ne4 28. Bxe4 Qxe4 $19) (26. fxe6 Nxg1 27. Rxg1 Ne4 $5 (
27... Nxg4+ $5) 28. Bxe4 Qxe4 29. Nf5 Kb8 $5 $19) 26... Bxg4+ 27. Nxg4 (27. Kh2
Qf3 28. Rg2 (28. Nxg4 $19 {- 27.Ng4 Qf3 28.Kh2}) 28... Qh3+ 29. Kg1 Bf3 30. Be1
(30. Bxh4 Bxg2 31. Nxg2 Rxh4 $19) 30... Rxg2+ 31. Nxg2 Rg8 $19) (27. Rxg4 Qf3+
28. Kh2 Nxg4+ 29. Nxg4 Rxg4 $19 {- 27.Ng4 Qf3 28.Kh2 Ng4 29.Rg4 Rg4}) 27...
Qf3+ 28. Kh2 Nxg4+ 29. Rxg4 Rxg4 30. Rg1 Rhg8 31. Rxg4 (31. Be3 Rxg1 32. Bxg1
Qg3+ 33. Kh1 Qxg1#) 31... Qxg4 32. Be1 (32. Be3 Qg3+ 33. Kh1 Qh3+ 34. Qh2 Qf3+
$19) 32... Qg1+ 33. Kh3 Qh1+ 34. Qh2 Qf3+ 35. Kxh4 Qg4#) 26. Bxe4 Qxe4 27. fxe6
Kb8 28. Nf5 Nd3 29. Be3 d5 30. cxd5 c4 31. Raf1 Qxd5 32. Bf4+ Ka8 33. Qe3 Be4
34. Nd6 Bg6 35. Be5 Rh7 36. Rf6 Re7 37. Rgf1 1-0